000 00548nam a2200169Ia 4500
005 20250625171939.0
008 250625s9999 xx 000 0 und d
020 _a9780470848470
082 _a910.285
_bFIS
100 _aFisher, Peter
245 0 _aRe-Presenting GIS
260 _bJohn Wiley & Sons
_c2005
300 _a312 pages
500 _aThis work brings together in one volume the concepts and concerns of both schools of thought and looks at GIS from a theoretical and practical perspective.
650 _aScience
942 _cENGLISH
999 _c573912
_d573912